Main economic indicators august/aout 2001
Guardado en:
| Formato: | Libro |
|---|---|
| Lenguaje: | inglés francés |
| Publicado: |
Paris
OECD
2001
|
| Colección: | Statistics
|
| Materias: | |
| Etiquetas: |
Sin Etiquetas, Sea el primero en etiquetar este registro!
|
MARC
| LEADER | 00000nam a2200000 4500 | ||
|---|---|---|---|
| 001 | c128861 | ||
| 005 | 20240422122204.5 | ||
| 020 | |a 92-64-09051-7 | ||
| 022 | |a 0474-5523 | ||
| 041 | 0 | |a eng | |
| 041 | 0 | |a fre | |
| 044 | |a FR | ||
| 245 | 1 | 0 | |a Main economic indicators |b august/aout 2001 |
| 264 | 1 | |a Paris |b OECD |c 2001 | |
| 300 | |a 292 s. | ||
| 490 | 1 | |a Statistics | |
| 830 | 0 | |a Statistics | |
| 610 | 2 | 0 | |a údaje štatistické medzinárodné |
| 610 | 2 | 0 | |a ukazovatele ekonomické |
| 610 | 2 | 0 | |a produkt domáci hrubý |
| 610 | 2 | 0 | |a účty národné |
| 610 | 2 | 0 | |a produkcia |
| 610 | 2 | 0 | |a priemysel |
| 610 | 2 | 0 | |a maloobchod |
| 610 | 2 | 0 | |a ceny spotrebiteľské |
| 610 | 2 | 0 | |a miera nezamestnanosti |
| 610 | 2 | 0 | |a miera úroková |
| 610 | 2 | 0 | |a akcie |
| 610 | 2 | 0 | |a peniaze |
| 610 | 2 | 0 | |a obchod svetový |
| 610 | 2 | 0 | |a obchod zahraničný |
| 610 | 2 | 0 | |a kurz devízový |
| 610 | 2 | 0 | |a porovnanie medzinárodné |